La consolación

Guardat en:
Dades bibliogràfiques
Autor principal: Sgalambro, Manlio (Autor)
Format: Llibre
Idioma:espanyol
Publicat: Valencia Pre-Textos 2008
Edició:1a. ed
Col·lecció:Pre-Texto Ensayos, 965
Matèries:
Etiquetes: Afegir etiqueta
Sense etiquetes, Sigues el primer a etiquetar aquest registre!

MARC

LEADER 00000nam a2200000 a 4500
001 UCH5883
003 CL-VaPUC
008 091105e20080000SP |||||||||||||||||spa|d
020 |a 9788481919240 
082 0 4 |a 195  |b SGA  |2 21 
100 0 |a Sgalambro, Manlio  |e author  |9 542275 
245 1 3 |a La consolación 
250 |a 1a. ed 
300 |a 248 p 
942 |c BK 
945 |d 20091105 00:00:00  |a rbrito 
260 |a Valencia  |b Pre-Textos  |c 2008 
650 0 |a Filosofía italiana  |9 265241 
650 0 |a Filosofía contemporánea  |9 265372 
583 |a last modification  |c 20091105 00:00:00  |k Rodrigo Vera 
490 0 |a Pre-Texto Ensayos, 965 
999 |c 336918  |d 336916 
952 |0 0  |1 0  |4 0  |6 195_000000000000000_SGA_2008  |7 0  |8 A  |9 428984  |a BIBEDU  |b BIBEDU  |d 2019-11-22  |i 4614275  |o 195 SGA 2008  |p 4614275  |r 2019-11-22  |w 2019-11-22  |y BK  |k FIL